[Event "Tromsø Bymesterskap 2012"]
[Site "Tromsø Sjakklubb"]
[Date "2012.01.19"]
[Round "5"]
[White "Berglund, Jan S."]
[Black "Pedersen, Øyvind"]
[Result "1/2-1/2"]
[WhiteElo "1968"]
[BlackElo "1912"]
[PlyCount "59"]
[EventDate "2012.??.??"]

1. Nf3 d6 2. d4 c5 3. c3 cxd4 4. cxd4 Nf6 5. g3 g6 6. Bg2 Bg7 7. O-O O-O 8. b3
Nc6 9. Bb2 Bf5 10. Nh4 Bg4 11. h3 Bd7 12. f4 Rc8 13. Kh2 Re8 14. e4 e5 15. fxe5
dxe5 16. d5 Nd4 17. Na3 Nh5 18. Nc4 Nxg3 19. Kxg3 Qg5+ 20. Kh2 Qxh4 21. Qd3 b5
22. Nd6 Rc2 23. Nxe8 Rxb2 24. Nxg7 Kxg7 25. Qg3 Qxg3+ 26. Kxg3 Ne2+ 27. Kf3
Nd4+ 28. Kg3 Ne2+ 29. Kf3 Nd4+ 30. Kg3 
1/2-1/2

[Event "Tromsø Bymesterskap 2012"]
[Site "Tromsø Sjakklubb"]
[Date "2012.01.19"]
[Round "5"]
[White "Jæger, Frode Bull"]
[Black "Lorentsen, Geir-Magne"]
[Result "1-0"]
[WhiteElo "2056"]
[BlackElo "1571"]
[PlyCount "39"]
[EventDate "2012.??.??"]

1. e4 e6 2. d4 d5 3. Nd2 Nc6 4. c3 e5 5. exd5 Qxd5 6. Ngf3 exd4 7. Bc4 Qd6 8.
Ne4 Qg6 9. O-O Bg4 10. Neg5 Nh6 11. Qa4 Be7 12. Ne5 Qf6 13. Ngxf7 Nxf7 14. Nxf7
Rf8 15. Bg5 Qg6 16. Bxe7 Kxe7 17. Rfe1+ Kf6 18. Qb5 Rxf7 19. Qxb7 Bf3 20. Re6+
1-0

[Event "Tromsø Bymesterskap 2012"]
[Site "Tromsø Sjakklubb"]
[Date "2012.02.23"]
[Round "5"]
[White "Jacobsen, Elise Sjøttem"]
[Black "Machlik, Endre"]
[Result "0-1"]
[WhiteElo "1020"]
[BlackElo "1368"]
[PlyCount "52"]
[EventDate "2012.??.??"]

1. c4 d6 2. g3 f5 3. Bg2 Nf6 4. e3 Nc6 5. Ne2 e5 6. d4 Be7 7. O-O Bd7 8. Nbc3
e4 9. Bd2 h5 10. Nf4 g5 11. Nfd5 h4 12. a3 Nxd5 13. Nxd5 Be6 14. Nxc7+ Qxc7 15.
d5 Bxd5 16. cxd5 Ne5 17. Bc3 Bf6 18. Qa4+ Kf8 19. Rac1 Qh7 20. h3 g4 21. hxg4
hxg3 22. fxg3 Qh2+ 23. Kf2 Nd3+ 24. Ke2 Qxg2+ 25. Kd1 Qxf1+ 26. Kd2 Rh2# 
0-1

[Event "Tromsø Bymesterskap 2012"]
[Site "Tromsø Sjakklubb"]
[Date "2012.03.08"]
[Round "6"]
[White "Lorentsen, Geir-Magne"]
[Black "Jessen, Simon Pind"]
[Result "0-1"]
[WhiteElo "1571"]
[BlackElo "1874"]
[PlyCount "106"]
[EventDate "2012.??.??"]

1. e4 c6 2. d4 d5 3. exd5 cxd5 4. c4 Nf6 5. Nc3 Nc6 6. Bg5 dxc4 7. Nf3 e6 8.
Bxc4 Be7 9. O-O O-O 10. Re1 a6 11. Rc1 b5 12. Bd3 Bb7 13. Bb1 Re8 14. Qd3 Nb4
15. Qe3 Bxf3 16. gxf3 g6 17. a3 Nbd5 18. Nxd5 Nxd5 19. Bxe7 Rxe7 20. Qh6 Rd7
21. Re4 Nf6 22. Rh4 Rxd4 23. Be4 Rd1+ 24. Rxd1 Qxd1+ 25. Kg2 Rc8 26. Qg5 Nxe4
27. Rxe4 Rc1 28. Qf6 Qg1+ 29. Kh3 Qf1+ 30. Kg3 Qg1+ 31. Kh3 Rc4 32. Rf4 Qf1+
33. Kg3 Qg1+ 34. Kh3 Rxf4 35. Qxf4 Qe1 36. Kg4 Kg7 37. h4 Qg1+ 38. Kh3 Qh1+ 39.
Kg3 Qg1+ 40. Kh3 Qe1 41. Kg2 Qe2 42. h5 h6 43. hxg6 Kxg6 44. Qg4+ Kf6 45. Qh4+
Kg6 46. Qg4+ Kh7 47. Qh5 Qxb2 48. Qc5 Qg7+ 49. Kh2 Qg6 50. Qc6 e5 51. Qc5 Qe6
52. Kg2 Qg6+ 53. Kf1 Qf6 0-1

[Event "Tromsø Bymesterskap 2012"]
[Site "Tromsø Sjakklubb"]
[Date "2012.03.08"]
[Round "6"]
[White "Romsdal, Trond"]
[Black "Grundekjøn, Christian"]
[Result "0-1"]
[WhiteElo "2081"]
[BlackElo "1812"]
[PlyCount "84"]
[EventDate "2012.??.??"]

1. Nf3 Nf6 2. g3 d5 3. Bg2 Bf5 4. O-O e6 5. d3 Nbd7 6. Nbd2 Bc5 7. Qe1 c6 8. e4
dxe4 9. dxe4 Bg6 10. e5 Nd5 11. Ne4 Qb6 12. a3 a5 13. c4 Bxe4 14. Qxe4 Ne7 15.
Bg5 h6 16. b4 hxg5 17. bxc5 Nxc5 18. Qg4 O-O-O 19. Rab1 Qc7 20. Qxg5 g6 21. Qe3
b6 22. Ng5 Rd3 23. Qe2 Nf5 24. Ne4 Nd4 25. Nd6+ Qxd6 26. Qxd3 Qxe5 27. Qe3 Ne2+
28. Kh1 Qxe3 29. fxe3 Nxg3+ 30. Kg1 Nxf1 31. Rxf1 f5 32. Bxc6 Kc7 33. Bb5 Rh3
34. Re1 Nd3 35. Re2 g5 36. Rg2 g4 37. e4 Ne1 38. Re2 Nf3+ 39. Kh1 f4 40. Ba4 g3
41. Bd1 Rxh2+ 42. Rxh2 Nxh2 0-1

[Event "Tromsø Bymesterskap 2012"]
[Site "Tromsø Sjakklubb"]
[Date "2012.03.08"]
[Round "6"]
[White "Machlik, Jon"]
[Black "Joensen, John"]
[Result "0-1"]
[WhiteElo "1491"]
[BlackElo "1830"]
[PlyCount "94"]
[EventDate "2012.??.??"]

1. e4 e5 2. Nf3 Nc6 3. Bc4 Bc5 4. b4 Bxb4 5. c3 Ba5 6. d4 d6 7. Qb3 Bb6 8.
Bxf7+ Ke7 9. dxe5 Nxe5 10. Nxe5 dxe5 11. Ba3+ c5 12. Nd2 Nf6 13. Rd1 Qc7 14.
O-O Rd8 15. Bd5 Bg4 16. f3 Bh5 17. Nc4 Be8 18. Rb1 Bg6 19. Nxb6 axb6 20. c4 Nd7
21. Bc1 Rf8 22. Bg5+ Ke8 23. Rfd1 Bf7 24. Rd2 h6 25. Bh4 g5 26. Bf2 Ke7 27. h4
Bxd5 28. cxd5 Qd6 29. Be3 Rg8 30. hxg5 hxg5 31. a4 Ra6 32. Kf2 g4 33. Rh1 gxf3
34. gxf3 Qg6 35. d6+ Kd8 36. Kf1 Rf8 37. Bf2 Qf7 38. Bh4+ Ke8 39. Qxf7+ Kxf7
40. Be7 Rg8 41. Rh7+ Rg7 42. Rxg7+ Kxg7 43. f4 Rxa4 44. f5 Rxe4 45. f6+ Kf7 46.
Rh2 Rf4+ 47. Ke1 Nxf6 0-1

[Event "Tromsø Bymesterskap 2012"]
[Site "Tromsø Sjakklubb"]
[Date "2012.03.08"]
[Round "6"]
[White "Lorem, Geir F"]
[Black "Prohl, Frank"]
[Result "1-0"]
[WhiteElo "1288"]
[BlackElo "1240"]
[PlyCount "89"]
[EventDate "2012.??.??"]

1. d4 d5 2. Nf3 Nf6 3. c4 c6 4. e3 Bg4 5. Qb3 Bxf3 6. Qxb7 Nbd7 7. gxf3 e6 8.
c5 a5 9. Qxc6 Be7 10. Nc3 Rc8 11. Qa4 O-O 12. a3 Qc7 13. Rb1 Ra8 14. f4 Rfb8
15. Be2 Ne4 16. Qc2 Nxc3 17. Qxc3 Nf6 18. b4 Ne4 19. Qc2 Bh4 20. O-O Qe7 21. f3
Nf6 22. b5 Nh5 23. Kh1 Bg3 24. Bd3 Qh4 25. Qg2 Be1 26. Kg1 f5 27. Qg5 Qxg5+ 28.
fxg5 Bh4 29. f4 Kf7 30. Be2 g6 31. Kg2 h6 32. gxh6 Bd8 33. b6 Nf6 34. a4 Kg8
35. Bd2 Ne4 36. Be1 Kh7 37. Rb5 Ra6 38. Bd3 Raxb6 39. cxb6 Nd6 40. Rb3 Rxb6 41.
Rxb6 Bxb6 42. Bd2 Kxh6 43. Rc1 Bd8 44. Rc6 Be7 45. Bxa5 1-0

[Event "Tromsø Bymesterskap 2012"]
[Site "Tromsø Sjakklubb"]
[Date "2012.01.19"]
[Round "6"]
[White "Machlik, Endre"]
[Black "Skagseth, Håvard M"]
[Result "0-1"]
[WhiteElo "1368"]
[BlackElo "1627"]
[PlyCount "78"]
[EventDate "2012.??.??"]

1. e4 c5 2. Nf3 Nc6 3. Bb5 g6 4. Nc3 Bg7 5. d3 Nd4 6. Nxd4 cxd4 7. Ne2 Qa5+ 8.
c3 Qxb5 9. cxd4 Nf6 10. O-O d6 11. b3 O-O 12. Bd2 Qxd3 13. f3 Nd7 14. Bc3 Qxd1
15. Rfxd1 b6 16. Rac1 Ba6 17. Nf4 Rfc8 18. Nd5 Kf8 19. Bb2 Rxc1 20. Rxc1 Rc8
21. Rxc8+ Bxc8 22. Kf2 e6 23. Ne3 Ke7 24. Nc4 Ba6 25. Ne3 Nb8 26. Nc2 Nc6 27.
Ke3 h5 28. Ba3 Kd7 29. g3 f5 30. Bb2 Bh6+ 31. Kf2 Bd2 32. h4 fxe4 33. fxe4 Bd3
34. Na3 b5 35. Kf3 a6 36. Ba1 Bc1 37. Nxb5 axb5 38. Bc3 b4 39. Ba1 Bb1 0-1

[Event "Tromsø Bymesterskap 2012"]
[Site "Tromsø Sjakklubb"]
[Date "2012.03.08"]
[Round "6"]
[White "Machlik, Monika"]
[Black "Roksvold, Jan"]
[Result "1/2-1/2"]
[WhiteElo "1673"]
[BlackElo "1650"]
[PlyCount "68"]
[EventDate "2012.??.??"]

1. d4 d5 2. c4 c6 3. Nc3 Nf6 4. e3 e6 5. Nf3 Bd6 6. Bd3 b6 7. cxd5 Nxd5 8. Nxd5
cxd5 9. O-O O-O 10. Qc2 h6 11. Bd2 f5 12. Rac1 Bd7 13. Ne5 Be8 14. Qb3 Nd7 15.
Nxd7 Bxd7 16. Bb4 Qe7 17. Bxd6 Qxd6 18. f4 Rac8 19. Be2 g5 20. g3 g4 21. Kf2
Kg7 22. h3 Kf6 23. Qd3 Rc7 24. Qd2 Rfc8 25. Rh1 Ba4 26. Rxc7 Rxc7 27. Rc1 a5
28. Rc3 Rxc3 29. Qxc3 Qc6 30. Qxc6 Bxc6 31. Ke1 Ke7 32. Kd2 Kd6 33. Kc3 b5 34.
b4 a4 1/2-1/2

[Event "Tromsø Bymesterskap 2012"]
[Site "Tromsø Sjakklubb"]
[Date "2012.03.15"]
[Round "7"]
[White "Jessen, Simon Pind"]
[Black "Machlik, Jon"]
[Result "1-0"]
[WhiteElo "1874"]
[BlackElo "1491"]
[PlyCount "49"]
[EventDate "2012.??.??"]

1. d4 f5 2. c4 Nf6 3. Nc3 g6 4. g3 Bg7 5. Bg2 O-O 6. Nf3 d6 7. Qb3 Kh8 8. Bd2
Nbd7 9. Ng5 Nb6 10. c5 dxc5 11. dxc5 h6 12. Nf7+ Rxf7 13. Qxf7 Nbd7 14. Rd1 c6
15. O-O Kh7 16. Bc1 e5 17. e4 Qa5 18. exf5 gxf5 19. Bh3 Nxc5 20. Rd6 Kh8 21.
Rxf6 Bxf6 22. Qxf6+ Kg8 23. b4 Qxb4 24. Bxh6 Ne6 25. Bxf5 1-0

[Event "Tromsø Bymesterskap 2012"]
[Site "Tromsø Sjakklubb"]
[Date "2012.03.15"]
[Round "7"]
[White "Grundekjøn, Christian"]
[Black "Berglund, Jan S"]
[Result "0-1"]
[WhiteElo "1812"]
[BlackElo "1968"]
[PlyCount "92"]
[EventDate "2012.??.??"]

1. d4 e6 2. Nf3 f5 3. Bf4 Nf6 4. Nbd2 b6 5. e3 Bb7 6. Bc4 d5 7. Bb5+ c6 8. Bd3
Nbd7 9. Qe2 Ne4 10. Ne5 Ndf6 11. Nxe4 fxe4 12. Ba6 Qc8 13. Bxb7 Qxb7 14. g4 Nd7
15. h4 Nxe5 16. Bxe5 O-O-O 17. O-O-O Bd6 18. Bxd6 Rxd6 19. f3 exf3 20. Qxf3
Rdd8 21. Rhf1 Qe7 22. Qf7 Kd7 23. g5 Rdf8 24. Qh5 g6 25. Qe2 b5 26. e4 dxe4 27.
Qxe4 Rf5 28. Qe1 Rxf1 29. Qxf1 Rf8 30. Qe1 Rf5 31. Qa5 Ke8 32. Re1 Kf7 33. a4
Qd7 34. axb5 cxb5 35. Qd2 Qd6 36. c3 a5 37. Qg2 b4 38. Qb7+ Qe7 39. Qxe7+ Kxe7
40. Re4 Kd6 41. c4 a4 42. Kc2 Rf2+ 43. Kc1 b3 44. Rg4 Rc2+ 45. Kb1 Rxc4 46. Re4
Kd5 0-1

[Event "Tromsø Bymesterskap 2012"]
[Site "Tromsø Sjakklubb"]
[Date "2012.03.15"]
[Round "7"]
[White "Joensen, John"]
[Black "Pedersen, Øyvind"]
[Result "1-0"]
[WhiteElo "1830"]
[BlackElo "1912"]
[PlyCount "125"]
[EventDate "2012.??.??"]

1. e4 c5 2. Nf3 d6 3. d4 cxd4 4. Nxd4 Nf6 5. Nc3 e6 6. g4 h6 7. h3 Nc6 8. Bg2
a6 9. Be3 Bd7 10. f4 Nxd4 11. Qxd4 Bc6 12. O-O-O Qc7 13. Rhe1 Rc8 14. Kb1 b5
15. Rd2 Rb8 16. Bf2 Be7 17. Nd5 Nxd5 18. exd5 Bf6 19. Qa7 Qxa7 20. Bxa7 Rb7 21.
Bf2 Bxd5 22. Bxd5 Rc7 23. Bb6 Rc8 24. Bb3 Rc6 25. Bd4 Bh4 26. Rg1 O-O 27. g5
hxg5 28. fxg5 d5 29. Re2 f5 30. gxf6 Bxf6 31. Bxf6 Rxf6 32. Reg2 Rc7 33. c3 Rf3
34. Rg3 Rf2 35. Bd1 e5 36. Bb3 Rd7 37. Rd1 Kf8 38. Rxd5 Rdf7 39. Rd8+ Ke7 40.
Bxf7 Kxd8 41. Bd5 Rh2 42. Bb7 a5 43. Be4 Ke7 44. Rxg7+ Kf6 45. Rg6+ Kf7 46. Rg3
Kf6 47. a4 Re2 48. Rg4 bxa4 49. Ka2 Rh2 50. h4 Ke6 51. c4 Kd6 52. Bg6 Kc5 53.
h5 Kb4 54. c5+ Kxc5 55. Rxa4 Rh3 56. Rxa5+ Kd4 57. Ra4+ Kd5 58. Ra3 Rh4 59.
Rd3+ Kc4 60. Rd2 Rh3 61. Bf7+ Kb4 62. Re2 Rf3 63. Bg6 1-0

[Event "Tromsø Bymesterskap 2012"]
[Site "Tromsø Sjakklubb"]
[Date "2012.03.15"]
[Round "7"]
[White "Steinnes, Simon"]
[Black "Lorem, Geir F"]
[Result "1/2-1/2"]
[WhiteElo "981"]
[BlackElo "1288"]
[PlyCount "90"]
[EventDate "2012.??.??"]

1. d4 Nf6 2. Bf4 g6 3. Nf3 Bg7 4. e3 O-O 5. Nbd2 d6 6. h3 c5 7. c3 Nc6 8. Bd3
a6 9. Qb3 b5 10. Qc2 Bb7 11. a4 b4 12. Nc4 bxc3 13. bxc3 cxd4 14. cxd4 Nb4 15.
Qb3 a5 16. Be2 Ba6 17. Ncd2 Bxe2 18. Kxe2 Qb6 19. Nc4 Qa6 20. Ke1 Rfc8 21. Ng5
Qxc4 22. Qxc4 Rxc4 23. Ke2 h6 24. Nf3 Rc2+ 25. Nd2 Ne4 26. Rhd1 Nc3+ 27. Kf3
Nxd1 28. Rxd1 Rac8 29. Nb3 Ra2 30. Nxa5 Rxa4 31. Nb3 Rc3 32. Rb1 Nd5 33. Nd2
Nxf4 34. Kxf4 Rc2 35. Ne4 f5 36. Rb8+ Kf7 37. Nxd6+ exd6 38. Rb7+ Kf6 39. Kf3
Raa2 40. Rb6 Rxf2+ 41. Kg3 Bf8 42. e4 Rxg2+ 43. Kh4 fxe4 44. d5 Be7 45. Rxd6+
Bxd6 1/2-1/2

[Event "Tromsø Bymesterskap 2012"]
[Site "Tromsø Sjakklubb"]
[Date "2012.03.15"]
[Round "7"]
[White "Roksvold, Jan"]
[Black "Skagseth, Håvard M"]
[Result "0-1"]
[WhiteElo "1650"]
[BlackElo "1627"]
[PlyCount "48"]
[EventDate "2012.??.??"]

1. e4 c5 2. d4 cxd4 3. c3 dxc3 4. Nxc3 Nc6 5. Bc4 e6 6. Nf3 Bc5 7. O-O Nge7 8.
a3 a6 9. b4 Ba7 10. b5 Na5 11. Ba2 O-O 12. Qd3 axb5 13. e5 b6 14. Bg5 Bb8 15.
Bb1 g6 16. Bf6 Nb3 17. Qe3 Bxe5 18. Nxe5 Nxa1 19. Qh6 Nf5 20. Qg5 h6 21. Qxg6+
fxg6 22. Bxd8 Rxd8 23. Bxf5 gxf5 24. Rxa1 b4 0-1

[Event "Tromsø Bymesterskap 2012"]
[Site "Tromsø Sjakklubb"]
[Date "2012.03.15"]
[Round "7"]
[White "Jernberg, Karl P"]
[Black "Lorem, Helene"]
[Result "1-0"]
[WhiteElo "829"]
[BlackElo "824"]
[PlyCount "85"]
[EventDate "2012.??.??"]

1. e4 e6 2. d4 d5 3. e5 c5 4. Be3 Nc6 5. Nf3 c4 6. c3 g6 7. Be2 Bg7 8. O-O Nge7
9. Nbd2 Qb6 10. Rb1 O-O 11. b3 cxb3 12. Rxb3 Qc7 13. Qc2 Bd7 14. Bd3 Nd8 15.
Rb2 Rc8 16. Rc1 Nf5 17. Bxf5 exf5 18. Bf4 Be6 19. Bg5 h6 20. Bxd8 Qxd8 21. Rxb7
Ra8 22. a4 f4 23. Nb3 Bf5 24. Qe2 g5 25. h3 Rb8 26. Rxb8 Qxb8 27. Nc5 Qd8 28.
Re1 Qc8 29. e6 Kh8 30. c4 g4 31. Nh4 Bxd4 32. Nd7 Qc7 33. Nxf8 f3 34. Qd2 gxh3
35. Qxh6+ Kg8 36. Nxf5 Bxf2+ 37. Kxf2 Qc5+ 38. Kxf3 Qa3+ 39. Re3 Qxf8 40. Qg5+
Kh8 41. Qf6+ Kg8 42. Kg4 dxc4 43. Rxh3 1-0

[Event "Tromsø Bymesterskap 2012"]
[Site "Tromsø Sjakklubb"]
[Date "2012.03.15"]
[Round "7"]
[White "Machlik, Endre"]
[Black "Remman, Stein Børre"]
[Result "0-1"]
[WhiteElo "1368"]
[BlackElo "1084"]
[PlyCount "82"]
[EventDate "2012.??.??"]

1. d4 d5 2. c4 c6 3. Nc3 Nf6 4. Bf4 e6 5. e3 Nbd7 6. Nf3 Bb4 7. a3 Bxc3+ 8.
bxc3 O-O 9. Bd3 Ne4 10. Bxe4 dxe4 11. Nd2 f5 12. g4 Qh4 13. g5 e5 14. dxe5 Nc5
15. Kf1 Nd3 16. Bg3 Qxg5 17. Rg1 f4 18. Nxe4 Bh3+ 19. Ke2 Qh5+ 20. f3 fxg3 21.
Rxg3 Nxe5 22. Qg1 Nxf3 23. Qb1 Nxh2+ 24. Kd2 Rad8+ 25. Kc2 Bf5 26. Kb3 Qe8 27.
Qg1 Ng4 28. Rxg4 Bxg4 29. Qxg4 Qg6 30. Qxg6 hxg6 31. Nc5 Rde8 32. Re1 b6 33.
Nd3 Rf3 34. Nb4 Rfxe3 35. Rxe3 Rxe3 36. Nxc6 g5 37. Nxa7 g4 38. Nc8 g3 39. Nxb6
g2 40. c5 g1=Q 41. c6 Qb1+ 0-1